| 000 | nam a22 a 4500 | ||
|---|---|---|---|
| 999 |
_c1273 _d1273 |
||
| 003 | AKMAL | ||
| 005 | 20170509090016.0 | ||
| 008 | 170509s1999 my 00 may d | ||
| 020 |
_a983221100X (kkt.): _cRM15.00 |
||
| 040 |
_aAKMAL _cAKMAL |
||
| 082 | 0 | 4 |
_a297.5699 SHU _221 |
| 090 | 0 | 0 |
_a297.5699 _bSHU |
| 100 | 0 |
_aShuib Sulaiman, _d1954- _92521 |
|
| 245 | 1 | 0 |
_aPermata minda / _cShuib Sulaiman |
| 260 |
_aKuala Lumpur, _cAbuku Hebat, _c1999 |
||
| 300 | 0 | 0 |
_ax, 205ms. ; _c21cm |
| 440 | 0 |
_aSiri motivasi ; _v1 _91119 |
|
| 650 | 0 |
_aReligious life _xIslam _9819 |
|
| 650 | 0 |
_aVirtue _xReligious aspects _xIslam _92522 |
|
| 942 |
_2ddc _cBOOK |
||